La economía en el derecho constitucional colombiano / (Registro nro. 5322)

Detalles MARC
000 -LEADER
fixed length control field 00910nam a2200217Ia 4500
003 - CONTROL NUMBER IDENTIFIER
control field OSt
005 - DATE AND TIME OF LATEST TRANSACTION
control field 20200803160027.0
008 - FIXED-LENGTH DATA ELEMENTS--GENERAL INFORMATION
fixed length control field 191128s2002 ck fr 000 0 spa d
040 ## - CATALOGING SOURCE
Original cataloging agency CO-JMCR
Transcribing agency CO-JMCR
041 0# - LANGUAGE CODE
Language code of text/sound track or separate title spa
082 04 - DEWEY DECIMAL CLASSIFICATION NUMBER
Classification number 342.861 /
Item number P153e
Edition number 23
100 1# - MAIN ENTRY--PERSONAL NAME
Personal name Palacios Mejia, Hugo,
Relator term autor
9 (RLIN) 1994
245 13 - TITLE STATEMENT
Title La economía en el derecho constitucional colombiano /
Statement of responsibility, etc. Hugo Palacios Mejia
260 ## - PUBLICATION, DISTRIBUTION, ETC.
Place of publication, distribution, etc. Bogotá :
Name of publisher, distributor, etc. Anif,
Date of publication, distribution, etc. 1975
300 ## - PHYSICAL DESCRIPTION
Extent 2 volúmenes ;
Dimensions 23 cm.
490 0# - SERIES STATEMENT
Series statement Biblioteca Anif de Economía
505 0# - FORMATTED CONTENTS NOTE
Formatted contents note Esquema de la constitución política de Colombia -- La guarda de la constitución -- La libertad económica en la constitución -- La expropiación -- La intervención del Estado en la economía -- La dirección general de la economía
650 14 - SUBJECT ADDED ENTRY--TOPICAL TERM
Topical term or geographic name entry element Derecho constitucional
Geographic subdivision Colombia
9 (RLIN) 8125
650 14 - SUBJECT ADDED ENTRY--TOPICAL TERM
Topical term or geographic name entry element Hacienda pública
General subdivision legislación
Geographic subdivision Colombia
9 (RLIN) 8269
942 ## - ADDED ENTRY ELEMENTS (KOHA)
Source of classification or shelving scheme Dewey Decimal Classification
Koha item type Books
Existencias
Withdrawn status Lost status Source of classification or shelving scheme Damaged status Not for loan Collection code Home library Current library Date acquired Source of acquisition Total Checkouts Full call number Barcode Date last seen Date last checked out Copy number Koha item type Price effective from
    Dewey Decimal Classification     Non-fiction Biblioteca Pública José María del Castillo y Rada Biblioteca Pública José María del Castillo y Rada 04/15/2018 Donación 1 342.861 / P153e 430001915 05/16/2024 03/02/2020 V.2 / Ej.1 Books  
    Dewey Decimal Classification     Non-fiction Biblioteca Pública José María del Castillo y Rada Biblioteca Pública José María del Castillo y Rada 04/15/2018 Donación   342.861 / P153e 430001916 05/16/2024   V.1 / Ej.1 Books 08/03/2020
    Dewey Decimal Classification     Non-fiction Biblioteca Pública José María del Castillo y Rada Biblioteca Pública José María del Castillo y Rada 04/15/2018 Donación 1 342.861 / P153e 430001918 05/13/2025 05/12/2025 V.1 / Ej.2 Books